Library Logo

Pioneer International University Library Catalogue

Microsoft Office Excel 2003 / (Record no. 2616)

MARC details
000 -LEADER
fixed length control field 00583cam a22001934a 4500
005 - DATE AND TIME OF LATEST TRANSACTION
control field 20250901165343.0
008 - FIXED-LENGTH DATA ELEMENTS--GENERAL INFORMATION
fixed length control field 101026s2004 nyua 001 0 eng d
010 ## - LIBRARY OF CONGRESS CONTROL NUMBER
LC control number 2010484297
020 ## - INTERNATIONAL STANDARD BOOK NUMBER
International Standard Book Number 0072232285 (pbk.)
020 ## - INTERNATIONAL STANDARD BOOK NUMBER
International Standard Book Number 9780072232288 (pbk.)
050 00 - LIBRARY OF CONGRESS CALL NUMBER
Classification number HF5548.4.M523 C766 2004
Item number C766 2004
082 04 - DEWEY DECIMAL CLASSIFICATION NUMBER
Classification number 005.54
Edition information 22
100 1# - MAIN ENTRY--PERSONAL NAME
Personal name Cronan, John
Fuller form of name (John James)
245 10 - TITLE STATEMENT
Title Microsoft Office Excel 2003 /
Statement of responsibility, etc. John Cronan.
260 ## - PUBLICATION, DISTRIBUTION, ETC.
Place of publication, distribution, etc. New York :
Name of publisher, distributor, etc. McGraw-Hill/Osborne,
Date of publication, distribution, etc. c2004.
300 ## - PHYSICAL DESCRIPTION
Extent xviii, 206 p. :
Other physical details col. ill. ;
Dimensions 21 x 26 cm.
500 ## - GENERAL NOTE
General note Includes index.
942 ## - ADDED ENTRY ELEMENTS (KOHA)
Source of classification or shelving scheme Dewey Decimal Classification
Holdings
Withdrawn status Lost status Source of classification or shelving scheme Damaged status Not for loan Home library Current library Shelving location Date acquired Total checkouts Full call number Barcode Date last seen Price effective from Koha item type
    Library of Congress Classification     Main Library Main Library   03/15/2021   HF5548.4.M523 C766 2004 PIU0009205 03/15/2021 03/15/2021 Books